What lesbians do in books /

Guardat en:
Dades bibliogràfiques
Altres autors: Hobby, Elaine (Editor), White, Chris (omonimi non identificati) (Editor)
Format: Llibre
Idioma:anglès
Publicat: London : The women's press, 1991
Etiquetes: Afegir etiqueta
Sense etiquetes, Sigues el primer a etiquetar aquest registre!

MARC

LEADER 00000nam a22000007i 4500
001 IT\ICCU\RL1\0082185
003 ItRI
005 20260115232004.0
008 220721s1991 xxk|||||| ||||| |||||c
020 |a 9780704342880 
040 |b ita  |c importazione bologna sebina 
041 7 |a eng  |2 ISO-639-2 
130 0 |a What lesbians do in books  |3 IT\ICCU\RL1\0082186 
245 0 0 |a What lesbians do in books /  |c Elaine Hobby and Chris White editors. 
260 |a London :  |b The women's press,  |c 1991 
300 |a 283 p. ;  |c 20 cm 
700 1 |a Hobby, Elaine  |0 IT\ICCU\MILV\098647  |4 edt 
700 1 |a White, Chris  |c  (omonimi non identificati)  |0 IT\ICCU\RL1V\008313  |4 edt 
942 |2 ddc  |c BK  |n 0 
952 |0 0  |1 0  |4 0  |6 L_809_933000000000000_HOB  |7 0  |9 18542  |a BO  |b BO  |d 2026-01-15  |i 18220  |l 0  |o L 809.933 HOB  |p BO18220  |r 2026-01-15 23:20:04  |w 2026-01-15  |x [Sebina 5] [1 v.]  |y BK  |z 1 v. 
999 |c 15706  |d 15706